BREVE HISTORIA DE CHINA /

INDICE

Enregistré dans:
Détails bibliographiques
Auteur principal: Lattimore, Owen (autor)
Autres auteurs: Lattimore, Eleanor (autor) (autor)
Format: Livre
Collection:AUSTRAL ; 994
Sujets:
Tags: Ajouter un tag
Pas de tags, Soyez le premier à ajouter un tag!

MARC

LEADER 00000nam^a2200000^a^4500
001 000239560
005 20250521000000.0
009 20260310105058.787
035 |a 062230 
037 |a Acervo Xavier Clavigero 
082 |a 808. 8 LAT 
100 |a Lattimore, Owen  |e (autor) 
245 1 0 |a BREVE HISTORIA DE CHINA /  |c OWEN LATTIMORE, ELEANOR LATTIMORE ; TR. LEON MIRLAS 
264 |a BUENOS AIRES :  |b ESPASA-CALPE,  |c 1950 
300 |a 206 p. 
336 |a texto  |b txt  |2 rdacontenido 
337 |a sin mediación  |b n  |2 rdamedio 
338 |a volumen  |b nc  |2 rdasoporte 
440 |a AUSTRAL ;  |v 994 
520 |a INDICE 
649 |a XX 
650 |a LITERATURA -  |x COLECCIONES 
650 |a China -  |x Historia 
700 |a Lattimore, Eleanor  |e (autor) 
910 |a Fondo General 
920 |a Impresos - Libros 
930 |a Colección General 
940 |a Literatura 
905 |a 101 
901 |a 062230  |b IT1  |c LIT  |i 062230  |u 20250521 
902 |a https://opac.biblio.iteso.mx/vufind/Record/000239560